Cartas de Abelardo y Heloisa ; Historia calamitatum / (Record no. 88738)
[ view plain ]
| 000 -LEADER | |
|---|---|
| campo de control de longitud fija | 00986nam a2200301 i 4500 |
| 001 - NÚMERO DE CONTROL | |
| campo de control | 88738 |
| 003 - IDENTIFICADOR DE NÚMERO DE CONTROL | |
| campo de control | ES-MaACL |
| 005 - FECHA Y HORA DE LA ÚLTIMA TRANSACCIÓN | |
| campo de control | 20230906175921.0 |
| 007 - CAMPO FIJO DE DESCRIPCIÓN FÍSICA--INFORMACIÓN GENERAL | |
| campo de control de longitud fija | t| |
| 008 - DATOS DE LONGITUD FIJA--INFORMACIÓN GENERAL | |
| campo de control de longitud fija | 041202s1989 sp ||||1| spa d |
| 020 ## - NÚMERO INTERNACIONAL ESTÁNDAR DEL LIBRO | |
| Número Internacional Estándar del Libro | 84-85354-69-2 |
| 080 ## - NÚMERO DE LA CLASIFICACIÓN DECIMAL UNIVERSAL | |
| Número de la Clasificación Decimal Universal | 873.3-6"11" |
| 100 1# - ENTRADA PRINCIPAL--NOMBRE DE PERSONA | |
| Nombre de persona | Abelardo, Pedro, |
| Fechas asociadas al nombre | 1079-1142 |
| 9 (RLIN) | 18038 |
| 245 10 - MENCIÓN DEL TÍTULO | |
| Título | Cartas de Abelardo y Heloisa ; Historia calamitatum / |
| Mención de responsabilidad, etc. | precedido de En favor de Heloisa por Carme Riera ; prólogo de Paul Zumthor ; traducción de C. Peri-Rossi. |
| 250 ## - MENCION DE EDICION | |
| Mención de edición | 2ª ed. |
| 260 ## - PUBLICACIÓN, DISTRIBUCIÓN, ETC. | |
| Lugar de publicación, distribución, etc. | Palma de Mallorca : |
| Nombre del editor, distribuidor, etc. | José J. de Olañeta, |
| Fecha de publicación, distribución, etc. | 1989. |
| 300 ## - DESCRIPCIÓN FÍSICA | |
| Extensión | 158 p. : |
| Otras características físicas | il. ; |
| Dimensiones | 24 cm. |
| 490 1# - MENCIÓN DE SERIE | |
| Mención de serie | Hesperus ; |
| Designación de volumen o secuencia | 9 |
| 504 ## - NOTA DE BIBLIOGRAFÍA, ETC. | |
| Nota de bibliografía, etc. | Bibliografía: p. 155-158. |
| 700 1# - ENTRADA AGREGADA--NOMBRE PERSONAL | |
| Nombre de persona | Riera, Carme. |
| 9 (RLIN) | 97101 |
| 700 1# - ENTRADA AGREGADA--NOMBRE PERSONAL | |
| Nombre de persona | Zumthor, Paul. |
| 9 (RLIN) | 118499 |
| 700 1# - ENTRADA AGREGADA--NOMBRE PERSONAL | |
| Nombre de persona | Peri Rossi, Cristina. |
| 9 (RLIN) | 91241 |
| 740 0# - ENTRADA AGREGADA--TÍTULO RELACIONADO/ANALÍTICO NO CONTROLADO | |
| Título relacionado o analítico no controlado | Historia calamitatum. |
| 740 0# - ENTRADA AGREGADA--TÍTULO RELACIONADO/ANALÍTICO NO CONTROLADO | |
| Título relacionado o analítico no controlado | Heloisé. |
| 830 0# - PUNTO DE ACCESO ADICIONAL DE SERIE-TÍTULO UNIFORME | |
| Título uniforme | Hesperus ; |
| Designación de volumen o secuencia | 9 |
| 9 (RLIN) | 177365 |
| 852 ## - LOCALIZACIÓN | |
| Ubicación | ES-MaACL |
| Número de control de estantería | E-10566 |
| Sublocalización o colección | R.134686 |
| Estatus retirado | Estado de pérdida | Estado de daño | No para préstamo | Biblioteca de origen | Biblioteca actual | Ubicación en estantería | Fecha de adquisición | Fuente de adquisición | Total de préstamos | Signatura topográfica completa | Código de barras | Visto por última vez | Precio de reemplazo | Tipo de ítem Koha |
|---|---|---|---|---|---|---|---|---|---|---|---|---|---|---|
| Biblioteca del Ateneo de Madrid | Biblioteca del Ateneo de Madrid | Depósito 2 | 17/01/2008 | E-10566 | 1092688 | 23/02/2023 | 23/02/2023 | Libro impreso |
